| 000 | 00602 a2200169 4500 | ||
|---|---|---|---|
| 999 |
_c8175 _d8175 |
||
| 020 | _a9781782390008 | ||
| 050 | _aP90 BER 2013 | ||
| 100 |
_aBernstein, William J. _eauthor |
||
| 245 |
_aMasters of the word : _bhow media shaped history from the alphabet to the Internet / _cWilliam J Bernstein |
||
| 264 |
_aNew York, NY : _bAtlantic, _c2013 |
||
| 300 | _a420 pages, 16 unnumbered pages of plates : illustrations, maps ; 24 cm | ||
| 500 | _alncludes index | ||
| 650 | _aMass media -- History. | ||
| 650 | _a Communication -- History. | ||
| 650 | _aWriting -- History. | ||
| 942 |
_2lcc _cBK _h90 _iBER _kP |
||